LEADER 01029nam0-22003371i-450- 001 990000525860403321 005 20110216113135.0 010 $a3-900-73450-x 035 $a000052586 035 $aFED01000052586 035 $a(Aleph)000052586FED01 035 $a000052586 100 $a20020821d1994----km-y0itay50------ba 101 0 $aeng 105 $ay-------001yy 200 1 $aGuide to recommended practice of daylight measurement$etecnical report$fCommission internationale de l'éclairage 210 $aVienna$cCIE$d1994 215 $a49 p.$d25 cm 300 $asul front.: CIE 108-1994 610 0 $aRadiazioni solari 610 0 $aIlluminotecnica 676 $a628.95 710 12$aInternational Commission on Illumination$0448302 801 0$aIT$bUNINA$gRICA$2UNIMARC 901 $aBK 912 $a990000525860403321 952 $a10 D IV 166$bDIEL 2594$fDINEL 952 $a00 L2840$b5635$fDETEC 959 $aDINEL 996 $aGuide to recommended practice of daylight measurement$9328740 997 $aUNINA LEADER 02617nam 22005774a 450 001 9910561301203321 005 20170810191601.0 010 $a1-280-34563-2 010 $a9786610345632 010 $a0-471-48858-5 010 $a0-471-48857-7 035 $a(CKB)111087027121380 035 $a(EBL)469314 035 $a(OCoLC)54360464 035 $a(SSID)ssj0000222332 035 $a(PQKBManifestationID)11187858 035 $a(PQKBTitleCode)TC0000222332 035 $a(PQKBWorkID)10168823 035 $a(PQKB)11129714 035 $a(MiAaPQ)EBC469314 035 $a(EXLCZ)99111087027121380 100 $a20030611d2004 uy 0 101 0 $aeng 135 $aur|n|---||||| 181 $ctxt 182 $cc 183 $acr 200 10$aPlant genomics and proteomics$b[electronic resource] /$fChristopher A. Cullis 210 $aHoboken $cJ. Wiley & Sons$dc2004 215 $a1 online resource (230 p.) 300 $aDescription based upon print version of record. 311 $a0-471-37314-1 320 $aIncludes bibliographical references. 327 $aPLANT GENOMICS AND PROTEOMICS; CONTENTS; ACKNOWLEDGMENTS; INTRODUCTION; 1 THE STRUCTURE OF PLANT GENOMES; 2 THE BASIC TOOLBOX-ACQUIRING FUNCTIONAL GENOMIC DATA; 3 SEQUENCING STRATEGIES; 4 GENE DISCOVERY; 5 CONTROL OF GENE EXPRESSION; 6 FUNCTIONAL GENOMICS; 7 INTERACTIONS WITH THE EXTERNAL ENVIRONMENT; 8 IDENTIFICATION AND MANIPULATION OF COMPLEX TRAITS; 9 BIOINFORMATICS; 10 BIOETHICAL CONCERNS AND THE FUTURE OF PLANT GENOMICS; AFTERWORD; INDEX 330 $aPlant research has stood at the forefront of the genomics revolution. One of the first genome projects, the sequencing of the commonly used model organism Arabidopsis, has already yielded important results for the study of a broad array of crops such as corn and soybeans. With crop and food bioengineering only in its infancy, the need to understand the fundamental genetic mechanisms of plants will only become more pressing. A comprehensive guide to this fascinating area of genomics, Plant Genomics and Proteomics presents an integrated, broadly accessible treatment of the comple 606 $aPlant genomes 606 $aPlant proteomics 608 $aElectronic books. 615 0$aPlant genomes. 615 0$aPlant proteomics. 676 $a572.8 676 $a572.8/62 676 $a572.862 700 $aCullis$b Christopher A.$f1945-$01222148 801 0$bMiAaPQ 801 1$bMiAaPQ 801 2$bMiAaPQ 906 $aBOOK 912 $a9910561301203321 996 $aPlant genomics and proteomics$92834188 997 $aUNINA LEADER 01740nas 2200577-a 450 001 996213062303316 005 20230227213019.0 035 $a(OCoLC)335214840 035 $a(CKB)1000000000717878 035 $a(CONSER)--2010243417 035 $a(DE-599)ZDB2494772-6 035 $a(MiFhGG)5UBK 035 $a(MiAaPQ)3933188 035 $a(EXLCZ)991000000000717878 100 $a20081121a20099999 --- a 101 0 $aeng 135 $aurcn||||a|||| 181 $ctxt$2rdacontent 182 $cc$2rdamedia 183 $acr$2rdacarrier 200 00$aClinical epidemiology 210 $a[Auckland, N.Z.] $cDove Medical Press$d©2009- 215 $a1 online resource 300 $aRefereed/Peer-reviewed 300 $aArchived by the National Library of New Zealand. 300 $aHypertext links contained in the archived instances of this title are non-functional.$5Nz 311 $a1179-1349 531 $aClin Epidemiol 531 1 $aClin. epidemiol. 531 10$aClin Epidemiol 606 $aEpidemiology$vPeriodicals 606 $aClinical epidemiology$vPeriodicals 606 $aEpidemiology 606 $aEpidemiology$2fast$3(OCoLC)fst00914091 606 $aClinical epidemiology$2fast$3(OCoLC)fst00864353 608 $aPeriodical. 608 $aFulltext. 608 $aInternet Resources. 608 $aPeriodicals. 608 $aPeriodicals.$2fast 610 $aEpidemiology & Epidemics 615 0$aEpidemiology 615 0$aClinical epidemiology 615 12$aEpidemiology. 615 7$aEpidemiology 615 7$aClinical epidemiology. 676 $a614.405 906 $aJOURNAL 912 $a996213062303316 996 $aClinical epidemiology$9228574 997 $aUNISA LEADER 04650nam 2201117 450 001 9910787141903321 005 20200520144314.0 010 $a0-520-27899-2 010 $a0-520-95981-7 024 7 $a10.1525/9780520959811 035 $a(CKB)3710000000260958 035 $a(EBL)1711029 035 $a(SSID)ssj0001350839 035 $a(PQKBManifestationID)12561584 035 $a(PQKBTitleCode)TC0001350839 035 $a(PQKBWorkID)11297065 035 $a(PQKB)10966614 035 $a(StDuBDS)EDZ0001054110 035 $a(OCoLC)966869045 035 $a(MdBmJHUP)muse52250 035 $a(DE-B1597)520510 035 $a(OCoLC)1018001491 035 $a(DE-B1597)9780520959811 035 $a(Au-PeEL)EBL1711029 035 $a(CaPaEBR)ebr10957148 035 $a(CaONFJC)MIL653441 035 $a(OCoLC)893735855 035 $a(MiAaPQ)EBC1711029 035 $a(EXLCZ)993710000000260958 100 $a20141102h20142014 uy 0 101 0 $aeng 135 $aur|||||||nn|n 181 $ctxt 182 $cc 183 $acr 200 10$aToxic injustice $ea transnational history of exposure and struggle /$fSusanna Rankin Bohme 210 1$aOakland, California :$cUniversity of California Press,$d2014. 210 4$d©2014 215 $a1 online resource (357 p.) 300 $aDescription based upon print version of record. 311 $a1-322-22161-8 311 $a0-520-27898-4 320 $aIncludes bibliographical references and index. 327 $tFront matter --$tContents --$tList of Illustrations --$tAcknowledgments --$tIntroduction --$t1. Roots of Optimism and Anxiety --$t2. DBCP on the Farm --$t3. Unequal Exposures --$t4. An Inconvenient Forum? --$t5. Making a Movement --$t6. National Law, Transnational Justice? --$tConclusion --$tNotes --$tSelected Bibliography --$tIndex 330 $aThe pesticide dibromochloropropane, known as DBCP, was developed by the chemical companies Dow and Shell in the 1950's to target wormlike, soil-dwelling creatures called nematodes. Despite signs that the chemical was dangerous, it was widely used in U.S. agriculture and on Chiquita and Dole banana plantations in Central America. In the late 1970's, DBCP was linked to male sterility, but an uneven regulatory process left many workers-especially on Dole's banana farms-exposed for years after health risks were known. Susanna Rankin Bohme tells an intriguing, multilayered history that spans fifty years, highlighting the transnational reach of corporations and social justice movements. Toxic Injustice links health inequalities and worker struggles as it charts how people excluded from workplace and legal protections have found ways to challenge power structures and seek justice from states and transnational corporations alike. 606 $aDibromochloropropane$xToxicology 606 $aDibromochloropropane$xHealth aspects$xLaw and legislation 606 $aAgricultural laborers$xHealth and hygiene 606 $aEnvironmental justice 606 $aFruit trade$xHealth aspects$xLaw and legislation 610 $aagriculture. 610 $aamerican agriculture. 610 $abanana plantations. 610 $abig business. 610 $acentral america. 610 $acentral american history. 610 $achallenge power structures. 610 $achemical companies. 610 $achemicals. 610 $achiquita. 610 $acorporations. 610 $adbcp. 610 $adibromochloropropane. 610 $adole. 610 $adow and shell. 610 $aexperiments. 610 $agovernment and governing. 610 $ahealth inequalities. 610 $ahealth risks. 610 $alegal protections. 610 $amale sterility. 610 $anematodes. 610 $apesticide. 610 $ascientists. 610 $asocial justice movements. 610 $asocial justice. 610 $atransnational. 610 $aworker rights. 610 $aworker struggles. 610 $aworkers. 610 $awormlike creatures. 615 0$aDibromochloropropane$xToxicology. 615 0$aDibromochloropropane$xHealth aspects$xLaw and legislation. 615 0$aAgricultural laborers$xHealth and hygiene. 615 0$aEnvironmental justice. 615 0$aFruit trade$xHealth aspects$xLaw and legislation. 676 $a363.738/4 686 $aAR 25180$2rvk 700 $aBohme$b Susanna Rankin$f1973-$01545853 801 0$bMiAaPQ 801 1$bMiAaPQ 801 2$bMiAaPQ 906 $aBOOK 912 $a9910787141903321 996 $aToxic injustice$93801000 997 $aUNINA